[Event "Vitoria da Conquista"]
[Site "Vitoria da Conquista"]
[Date "2020.03.22"]
[Round "11"]
[White "Barreto Junior, Williem Silva"]
[Black "Miranda, Julio Cesar Oliveir"]
[Result "1-0"]
[WhiteElo "2174"]
[BlackElo "1169"]
[PlyCount "29"]
[EventDate "2020.03.12"]
[EventType "tourn"]
[EventRounds "11"]
[EventCountry "BRA"]
[SourceTitle "CBM 197 Extra"]
[Source "ChessBase"]
[SourceDate "2020.09.30"]
[SourceVersion "1"]
[SourceVersionDate "2020.09.30"]
[SourceQuality "1"]

1. e4 c5 2. c3 Nc6 3. d4 cxd4 4. cxd4 e6 5. Nf3 Nf6 6. Nc3 Bb4 7. Bd3 0-0 8. 0-0 Qc7 9. e5 Ne8 10. Bxh7+ Kxh7 11. Ng5+ Kg6 12. Qg4 f5 13. Qh4 f4 14. Qh7+ Kxg5 15. Ne4+ 1-0

[Event "Vitoria da Conquista"]
[Site "Vitoria da Conquista"]
[Date "2020.03.12"]
[Round "1"]
[White "Miranda, Julio Cesar Oliveir"]
[Black "Figueredo, Bianca Marchini"]
[Result "0-1"]
[WhiteElo "1169"]
[BlackElo "1163"]
[PlyCount "55"]
[EventDate "2020.03.12"]
[EventType "tourn"]
[EventRounds "11"]
[EventCountry "BRA"]
[SourceTitle "CBM 197 Extra"]
[Source "ChessBase"]
[SourceDate "2020.09.30"]
[SourceVersion "1"]
[SourceVersionDate "2020.09.30"]
[SourceQuality "1"]

1. e4 c6 2. d4 d5 3. exd5 cxd5 4. Bd3 Nc6 5. c3 e6 6. Bf4 Qb6 7. Qc2 Nf6 8. Nf3 Bd7 9. 0-0 Rc8 10. Nbd2 Nb4 11. Qb1 Nxd3 12. Qxd3 Bb5 13. c4 dxc4 14. Qc3 a5 15. b3 Bb4 16. Qc2 Bxd2 17. Bxd2 c3 18. Rfc1 0-0 19. Bxc3 Nd5 20. Qd2 Nxc3 21. Rxc3 Rc6 22. Rxc6 Bxc6 23. Ne5 Rc8 24. Nc4 Qb4 25. Qxb4 axb4 26. Rc1 Bd5 27. h3 b5 28. Rc2 0-1

[Event "BRA-ch U12"]
[Site "Florianopolis"]
[Date "2019.04.20"]
[Round "4"]
[White "Miranda, Julio Cesar Oliveir"]
[Black "Da Silva, Giovanni B Tavares"]
[Result "0-1"]
[WhiteElo "1787"]
[BlackElo "1528"]
[PlyCount "62"]
[EventDate "2019.04.18"]
[EventType "swiss"]
[EventRounds "6"]
[EventCountry "BRA"]
[SourceTitle "CBM 190 Extra"]
[Source "ChessBase"]
[SourceDate "2019.07.15"]
[SourceVersion "1"]
[SourceVersionDate "2019.07.15"]
[SourceQuality "1"]

1. d4 d5 2. Bf4 Nf6 3. e3 c5 4. Bd3 Nc6 5. c3 e6 6. Ne2 c4 7. Bc2 Be7 8. 0-0 0-0 9. Nd2 b5 10. b4 a5 11. Qb1 axb4 12. Nf3 Qb6 13. Ng5 h6 14. Nh7 Nxh7 15. Bxh7+ Kh8 16. Ng3 b3 17. a3 b4 18. cxb4 Nxb4 19. axb4 Rxa1 20. Qxa1 Kxh7 21. Qb1+ Kg8 22. Nh5 Qxb4 23. Be5 Ba6 24. Nf4 c3 25. Nd3 Bxd3 26. Qxd3 c2 27. h3 Rc8 28. e4 dxe4 29. Qg3 Bf8 30. Bf4 b2 31. Bxh6 c1Q 0-1